| 000 | 01009nac a22002531u 4500 | ||
|---|---|---|---|
| 010 | _a 2003020223 | ||
| 020 | _a0300102321 (hardcover : alk. paper) | ||
| 082 | 0 | 0 |
_a363.700973 _bSPE |
| 090 |
_c6309 _d6309 |
||
| 100 | _aSpeth, James Gustave. | ||
| 245 | 1 | 0 |
_aRed sky at morning : _bAmerica and the crisis of the global environment / _cJames Gustave Speth. |
| 260 |
_aNew Haven : _bYale University Press,2004 _cc2004. |
||
| 300 |
_axv, 299 p. ; _c22 cm. |
||
| 500 | _adistributer: Al-Ahram | ||
| 504 | _aIncludes bibliographical references (p. 269-275) and index. | ||
| 511 | _acatalgoued by: wessam | ||
| 650 | 0 | _aGlobal environmental change. | |
| 650 | 0 | _aEnvironmental protection. | |
| 650 | 0 |
_aGlobalization _xEnvironmental aspects. |
|
| 650 | 0 |
_aEnvironmental policy _zUnited States. |
|
| 650 | 0 |
_aEnvironmental protection _zUnited States. |
|
| 856 | 4 | 1 |
_3Table of contents _uhttp://www.loc.gov/catdir/toc/ecip048/2003020223.html |
| 942 |
_cBB _k363.700973SPE |
||
| 999 |
_c6309 _d6309 |
||